Keep a close eye on your tenants (Record no. 81021)
[ view plain ]
| 000 -LEADER | |
|---|---|
| fixed length control field | 01173cab a22002055a 4500 |
| 001 - CONTROL NUMBER | |
| control field | L146086 |
| 008 - FIXED-LENGTH DATA ELEMENTS--GENERAL INFORMATION | |
| fixed length control field | 081208e20081206xxk f g 000 0 eng d |
| 035 ## - SYSTEM CONTROL NUMBER | |
| System control number | (Sirsi) u146086 |
| 041 0# - LANGUAGE CODE | |
| Language code of text/sound track or separate title | eng |
| 100 1# - MAIN ENTRY--PERSONAL NAME | |
| Personal name | Greatholder, Paul |
| 245 00 - TITLE STATEMENT | |
| Title | Keep a close eye on your tenants |
| 260 ## - PUBLICATION, DISTRIBUTION, ETC. | |
| Date of publication, distribution, etc. | 2008 |
| 490 ## - SERIES STATEMENT | |
| Series statement | Estates Gazette |
| Volume/sequential designation | (0848) 6 December 2008, 95(1) |
| 520 ## - SUMMARY, ETC. | |
| Summary, etc. | Article introduces the complexities of Rent Act 1977 protected tenancies and offers advice for landlords seeking possession. Discusses discretionary and mandatory grounds for possession, the need to provide suitable alternative accommodation and the need to establish the true residence of a tenancy (in cases where statutory tenants may not be occupying a property, but claim to still do so). Advises that landlords should keep in regular contact with their tenants, should not ignore signs that tenants have moved out and should consider evidence provided by tenants to prove ongoing tenancy should be assessed critically. |
| 590 ## - LOCAL NOTE (RLIN) | |
| Local note | KA |
| 650 24 - SUBJECT ADDED ENTRY--TOPICAL TERM | |
| Topical term or geographic name entry element | RENT ACT 1977 |
| 651 #4 - SUBJECT ADDED ENTRY--GEOGRAPHIC NAME | |
| Geographic name | United Kingdom |
| Chronological subdivision | |
| 690 ## - LOCAL SUBJECT ADDED ENTRY--TOPICAL TERM (OCLC, RLIN) | |
| Topical term or geographic name as entry element | PROPERTY-RESIDENTIAL PROPERTY-LEASES-RESIDENTIAL LANDLORD AND TENANT |
| 942 ## - ADDED ENTRY ELEMENTS (KOHA) | |
| Suppress in OPAC | 0 |
| Withdrawn status | Lost status | Source of classification or shelving scheme | Damaged status | Not for loan | Home library | Current library | Shelving location | Date acquired | Total Checkouts | Full call number | Barcode | Date last seen | Copy number | Price effective from | Koha item type |
|---|---|---|---|---|---|---|---|---|---|---|---|---|---|---|---|
| Dewey Decimal Classification | London | London | Journal article | 08/12/2008 | L146086 | 146086-1001 | 06/08/2019 | 1 | 06/08/2019 | Journal article |